Introducción al análisis filosófico
Enregistré dans:
| Auteur principal: | |
|---|---|
| Format: | Livre |
| Langue: | espagnol |
| Publié: |
Madrid
Alianza
1982
|
| Édition: | 1a. ed |
| Collection: | Alianza Univeridad Textos, 55
|
| Sujets: | |
| Tags: |
Ajouter un tag
Pas de tags, Soyez le premier à ajouter un tag!
|
MARC
| LEADER | 00000nam a2200000 a 4500 | ||
|---|---|---|---|
| 001 | UCJ9181 | ||
| 003 | CL-VaPUC | ||
| 008 | 070309e19820000SP |||||||||||||||||spa|d | ||
| 020 | |a 8420680559 | ||
| 082 | 0 | 4 | |a 149.94 |b HOS |2 21 |
| 100 | |a Hospers, John |e author |9 571623 | ||
| 245 | 1 | 0 | |a Introducción al análisis filosófico |
| 250 | |a 1a. ed | ||
| 300 | |a 758 p | ||
| 942 | |c BK | ||
| 945 | |d 20070309 00:00:00 |a jtorresc | ||
| 260 | |a Madrid |b Alianza |c 1982 | ||
| 500 | |a Donación del Dr. Luis Gómez Macker | ||
| 650 | 0 | |a Filosofía analítica |9 316758 | |
| 650 | 0 | |a Filosofía del lenguaje |9 257082 | |
| 650 | 0 | |a Teoría del conocimiento |9 255038 | |
| 650 | 0 | |a Teoría de la verdad |9 503989 | |
| 650 | 7 | |a CAUSALIDAD |2 CL-VaPUC |9 225420 | |
| 650 | 0 | |a Filosofía de la religión |9 256017 | |
| 650 | 0 | |a Ética |9 255099 | |
| 583 | |a last modification |c 20070309 00:00:00 |k Rodrigo Vera | ||
| 490 | 0 | |a Alianza Univeridad Textos, 55 | |
| 999 | |c 324767 |d 324765 | ||
| 952 | |0 0 |1 0 |4 0 |6 149_940000000000000_HOS_1982 |7 0 |8 A |9 405127 |a FDOPOS |b FDOPOS |d 2019-11-22 |i 4268792 |o 149.94 HOS 1982 |p 4268792 |r 2025-01-22 |w 2019-11-22 |y BK |k MLA | ||